Countries With the Most Miss World Winners - Statistics

General Stats
  • This quiz has been taken 55 times
  • The average score is 4 of 8
Answer Stats
Hint Answer % Correct
3 USA
98%
3 UK
83%
5 Venezuela
74%
6 India
64%
3 Sweden
57%
3 South Africa
30%
3 Iceland
17%
3 Jamaica
17%
No matching quizzes found
Score Distribution
Percent of People with Each Score
Percentile by Number Answered
Your Score History
You have not taken this quiz